The Indian Contract &Specific Relief Acts/ (Record no. 200440)

MARC details
000 -LEADER
fixed length control field 00736nam a22002417a 4500
005 - DATE AND TIME OF LATEST TRANSACTION
control field 20240808170543.0
010 ## - LCCN (DPL NO)
LC control number ENG-139076 ENG-141307
020 ## - INTERNATIONAL STANDARD BOOK NUMBER
International Standard Book Number 9789388548472(Set of 2 )
Terms of availability 5495.00
035 ## - SYSTEM CONTROL NUMBER
System control number EN-122608
035 ## - SYSTEM CONTROL NUMBER
System control number EN-124839
035 ## - SYSTEM CONTROL NUMBER
System control number B-513991-996
037 ## - SOURCE OF ACQUISITION
Source of stock number/acquisition DBAD
037 ## - SOURCE OF ACQUISITION
Source of stock number/acquisition BSB/Ven
Stock number dpl
082 04 - DEWEY DECIMAL CLASSIFICATION NUMBER
Classification number 346.02954
Edition number 23
100 1# - MAIN ENTRY--PERSONAL NAME
Personal name Vardhan, R Yashod
Dates associated with a name 2019
245 10 - TITLE STATEMENT
Title The Indian Contract &Specific Relief Acts/
Statement of responsibility, etc By R Yashod Vardhan [and] Chitra Narayan
250 ## - EDITION STATEMENT
Edition statement 16th
260 ## - PUBLICATION, DISTRIBUTION, ETC. (IMPRINT)
Place of publication, distribution, etc Haryana
Name of publisher, distributor, etc Lexis Nexis
Date of publication, distribution, etc 2019
300 ## - PHYSICAL DESCRIPTION
Extent 2510p.
Dimensions 25cm(Hb)
490 ## - SERIES STATEMENT
Volume number/sequential designation Vol 1, Vol 2
600 ## - SUBJECT ADDED ENTRY--PERSONAL NAME
Dates associated with a name R Yashod Vardhan and Chitra Narayan
942 ## - ADDED ENTRY ELEMENTS (KOHA)
Source of classification or shelving scheme Dewey Decimal Classification
Item type English Books
Classification part 346.02954
Call number suffix VAR
Edition 16th
Holdings
Withdrawn status Lost status Materials specified (bound volume or other part) Not for loan Collection code Home library Current library Date acquired Source of acquisition Cost, normal purchase price Full call number Barcode Copy number Cost, replacement price Koha item type
    VOL-1 Not For Loan Reference Sarojini Nagar Sarojini Nagar 29/01/2024 DBAD 2747.50 346.02954 VAR EN-122608 1 2747.50 English Books
    VOL 2   Non-fiction Sarojini Nagar Sarojini Nagar 08/08/2024 Delivery of Books Act Division 2747.50 346.02954 VAR EN-124839 1 2747.50 English Books

© Delhi Public Library
Hit Counter
free hit counter